[Event "BEL-chT 1617"]
[Site "Belgium"]
[Date "2017.03.26"]
[Round "10.3"]
[White "Zaragatski, Ilja"]
[Black "Diepeveen, Vincent"]
[Result "1-0"]
[WhiteElo "2502"]
[BlackElo "2305"]
[PlyCount "57"]
[EventDate "2016.10.02"]
[EventType "team-tourn"]
[EventRounds "11"]
[EventCountry "BEL"]
[SourceTitle "EXT 2018"]
[Source "ChessBase"]
[SourceDate "2017.10.13"]
[SourceVersion "1"]
[SourceVersionDate "2017.10.13"]
[SourceQuality "1"]
[WhiteTeam "Amay"]
[BlackTeam "Borgerhout"]
[WhiteTeamCountry "BEL"]
[BlackTeamCountry "BEL"]

1. Nf3 d5 2. g3 g6 3. c4 d4 4. b4 Bg7 5. d3 e5 6. Bg2 Ne7 7. 0-0 0-0 8. a4 a5 9. b5 c5 10. Ra2 Ra7 11. e3 dxe3 12. fxe3 Bf5 13. e4 Be6 14. Nc3 h6 15. Nd5 Qd6 16. d4 exd4 17. Bf4 Qd7 18. Ne5 Qd8 19. b6 Ra6 20. Nd3 Nd7 21. Bc7 Qe8 22. Re1 Nc8 23. Qb3 Kh7 24. Rb2 Rh8 25. Qb5 Bf8 26. e5 Bf5 27. Qxd7 Qxd7 28. Nf6+ Kg7 29. Nxd7 1-0

[Event "BEL-chT 1617"]
[Site "Belgium"]
[Date "2016.11.27"]
[Round "4.5"]
[White "Schoppen, Casper"]
[Black "Diepeveen, Vincent"]
[Result "1/2-1/2"]
[WhiteElo "2304"]
[BlackElo "2305"]
[PlyCount "165"]
[EventDate "2016.10.02"]
[EventType "team-tourn"]
[EventRounds "11"]
[EventCountry "BEL"]
[SourceTitle "CBM 175 Extra"]
[Source "ChessBase"]
[SourceDate "2016.12.12"]
[SourceVersion "1"]
[SourceVersionDate "2016.12.12"]
[SourceQuality "1"]
[WhiteTeam "KGSRL"]
[BlackTeam "Borgerhout"]
[WhiteTeamCountry "BEL"]
[BlackTeamCountry "BEL"]

1. d4 d5 2. Nf3 Nf6 3. Bf4 c6 4. c3 g6 5. e3 Bg7 6. Nbd2 0-0 7. Be2 Bg4 8. 0-0 Nbd7 9. h3 Bxf3 10. Nxf3 Ne4 11. c4 e6 12. Nd2 Nxd2 13. Qxd2 dxc4 14. Bxc4 e5 15. dxe5 Nxe5 16. Qc2 Nxc4 17. Qxc4 Qe7 18. Rad1 Rfd8 19. b3 Bf6 20. e4 Rxd1 21. Rxd1 Rd8 22. Rxd8+ Qxd8 23. Be3 a6 24. Qc2 Kg7 25. Kf1 Qa5 26. Ke2 Qb5+ 27. Qd3 Qe5 28. f4 Qb2+ 29. Kf3 Qxa2 30. e5 Bh4 31. g3 Be7 32. Qd7 Qa3 33. g4 Qb4 34. f5 gxf5 35. gxf5 Qh4 36. f6+ Bxf6 37. exf6+ Qxf6+ 38. Bf4 h5 39. Qxb7 Qc3+ 40. Be3 Qf6+ 41. Ke2 Qb2+ 42. Kd3 Qb1+ 43. Kc3 Qa1+ 44. Kc4 Qf1+ 45. Kc5 Qf5+ 46. Kb6 Qd3 47. Qe7 Qxb3+ 48. Kxa6 Qb5+ 49. Ka7 Qd5 50. h4 Kg6 51. Kb6 Kf5 52. Qg5+ Ke6 53. Qf4 Qb5+ 54. Kc7 Qd5 55. Bd4 Qd7+ 56. Kb6 Kd5 57. Qe5+ Kc4 58. Qc5+ Kd3 59. Qc3+ Ke4 60. Qe3+ Kd5 61. Qf3+ Kc4 62. Qe2+ Kd5 63. Qxh5+ f5 64. Qf3+ Kc4 65. Qe2+ Kd5 66. Qe5+ Kc4 67. Qc5+ Kd3 68. Bf2 f4 69. Qxc6 Qd8+ 70. Ka6 Ke2 71. Qc5 Kf1 72. h5 Qf6+ 73. Qb6 Qa1+ 74. Kb7 Qg7+ 75. Kb8 Qh8+ 76. Kc7 Qxh5 77. Bc5 Qf7+ 78. Kb8 Qe8+ 79. Ka7 Qd7+ 80. Qb7 Qxb7+ 81. Kxb7 f3 82. Kc6 f2 83. Bxf2 1/2-1/2

[Event "BEL-chT 1617"]
[Site "Belgium"]
[Date "2016.11.06"]
[Round "3.3"]
[White "Diepeveen, Vincent"]
[Black "Capone, Nicola"]
[Result "1-0"]
[WhiteElo "2305"]
[BlackElo "2399"]
[PlyCount "79"]
[EventDate "2016.10.02"]
[EventType "team-tourn"]
[EventRounds "11"]
[EventCountry "BEL"]
[SourceTitle "CBM 175 Extra"]
[Source "ChessBase"]
[SourceDate "2016.12.12"]
[SourceVersion "1"]
[SourceVersionDate "2016.12.12"]
[SourceQuality "1"]
[WhiteTeam "Borgerhout"]
[BlackTeam "Fontaine"]
[WhiteTeamCountry "BEL"]
[BlackTeamCountry "BEL"]

1. e4 e6 2. d4 d5 3. Nc3 Bb4 4. e5 Ne7 5. a3 Bxc3+ 6. bxc3 c5 7. Qg4 Qc7 8. Qxg7 Rg8 9. Qxh7 cxd4 10. Ne2 Nbc6 11. f4 dxc3 12. Qd3 d4 13. h3 Bd7 14. g4 0-0-0 15. Bg2 Qb6 16. 0-0 Be8 17. Rd1 Nd5 18. Kh2 f6 19. exf6 Nxf6 20. Qc4 Nxg4+ 21. hxg4 Rxg4 22. Be3 dxe3 23. Qxe6+ Bd7 24. Rxd7 Rxg2+ 25. Kxg2 Rxd7 26. Rd1 Qd8 27. Kf3 Qe7 28. Qxd7+ Qxd7 29. Rxd7 Kxd7 30. Kxe3 b5 31. Nd4 Na5 32. Kd3 a6 33. Kxc3 Kd6 34. Kb4 Nb7 35. Nxb5+ axb5 36. Kxb5 Kd5 37. a4 Nd6+ 38. Kb4 Nf5 39. c4+ Kc6 40. a5 1-0

[Event "NED-chT 1516"]
[Site "Netherlands"]
[Date "2016.04.23"]
[Round "9.5"]
[White "Diepeveen, Vincent"]
[Black "Van der Werf, Mark"]
[Result "0-1"]
[WhiteElo "2323"]
[BlackElo "2415"]
[PlyCount "82"]
[EventDate "2015.09.26"]
[EventType "team-tourn"]
[EventRounds "9"]
[EventCountry "NED"]
[SourceTitle "EXT 2017"]
[Source "ChessBase"]
[SourceDate "2016.10.25"]
[SourceVersion "1"]
[SourceVersionDate "2016.10.25"]
[SourceQuality "1"]
[WhiteTeam "Utrecht"]
[BlackTeam "Leiden LSG"]
[WhiteTeamCountry "NED"]
[BlackTeamCountry "NED"]

1. e4 e5 2. Nf3 Nc6 3. d4 exd4 4. Nxd4 Nf6 5. Nxc6 bxc6 6. Qe2 d6 7. Nc3 Be7 8. Bf4 0-0 9. 0-0-0 Be6 10. Qa6 Rb8 11. Qxc6 Rb6 12. Qa4 Qb8 13. Qa3 Qb7 14. e5 Ng4 15. exd6 cxd6 16. Bxd6 Rxd6 17. Rxd6 Qb8 18. Nb5 Bxd6 19. Nxd6 Nxf2 20. Rg1 Rd8 21. Be2 Qxd6 22. Qxd6 Rxd6 23. Re1 Ne4 24. Bf3 Nf6 25. b3 Kf8 26. c4 Nd7 27. Kc2 a5 28. Kc3 Ke7 29. c5 Nxc5 30. Re5 Nd3 31. Rxa5 Ne1 32. Be4 g6 33. Ra7+ Kf6 34. Ba8 Rd3+ 35. Kb4 Rd2 36. a4 Rd3 37. a5 Rxb3+ 38. Kc5 Nd3+ 39. Kd4 Nb4 40. Be4 Ra3 41. Rb7 Ra4 0-1

[Event "NED-chT 1516"]
[Site "Netherlands"]
[Date "2016.04.02"]
[Round "8.3"]
[White "Dambacher, Martijn"]
[Black "Diepeveen, Vincent"]
[Result "1-0"]
[WhiteElo "2490"]
[BlackElo "2323"]
[PlyCount "47"]
[EventDate "2015.09.26"]
[EventType "team-tourn"]
[EventRounds "9"]
[EventCountry "NED"]
[SourceTitle "EXT 2017"]
[Source "ChessBase"]
[SourceDate "2016.10.25"]
[SourceVersion "1"]
[SourceVersionDate "2016.10.25"]
[SourceQuality "1"]
[WhiteTeam "Calder HMC"]
[BlackTeam "Utrecht"]
[WhiteTeamCountry "NED"]
[BlackTeamCountry "NED"]

1. d4 d5 2. c4 c6 3. Nf3 Nf6 4. e3 g6 5. Nc3 Bg7 6. Be2 0-0 7. 0-0 Bg4 8. cxd5 Nxd5 9. h3 Bc8 10. e4 Nc7 11. Bg5 h6 12. Bf4 Nd7 13. Qd2 Kh7 14. Rad1 b6 15. Rfe1 Ne6 16. Be3 Bb7 17. d5 cxd5 18. exd5 Nec5 19. b4 Na6 20. Bd4 Nf6 21. a3 Nc7 22. Bc4 Ncxd5 23. Bxd5 Bxd5 24. Bxf6 1-0

[Event "NED-chT 1516"]
[Site "Netherlands"]
[Date "2016.03.19"]
[Round "7.1"]
[White "Diepeveen, Vincent"]
[Black "Ftacnik, Lubomir"]
[Result "0-1"]
[WhiteElo "2323"]
[BlackElo "2544"]
[PlyCount "46"]
[EventDate "2015.09.26"]
[EventType "team-tourn"]
[EventRounds "9"]
[EventCountry "NED"]
[SourceTitle "EXT 2017"]
[Source "ChessBase"]
[SourceDate "2016.10.25"]
[SourceVersion "1"]
[SourceVersionDate "2016.10.25"]
[SourceQuality "1"]
[WhiteTeam "Utrecht"]
[BlackTeam "Rotterdam Pathena"]
[WhiteTeamCountry "NED"]
[BlackTeamCountry "NED"]

1. e4 c5 2. Nf3 d6 3. d4 cxd4 4. Nxd4 Nf6 5. Nc3 e6 6. Be2 a6 7. 0-0 Be7 8. f4 Qc7 9. Be3 0-0 10. Qe1 b5 11. a3 Bb7 12. Bd3 Ng4 13. Kh1 Nxe3 14. Qxe3 Nd7 15. f5 e5 16. Nb3 Nf6 17. Rad1 Rad8 18. Nc1 Rfe8 19. N1a2 d5 20. Nxd5 Bxd5 21. exd5 e4 22. Be2 Qxc2 23. Nc3 Qxb2 0-1

[Event "BEL-chT 1516"]
[Site "Belgium"]
[Date "2016.03.06"]
[Round "8.2"]
[White "Diepeveen, Vincent"]
[Black "Van Haastert, Edwin"]
[Result "1-0"]
[WhiteElo "2323"]
[BlackElo "2429"]
[PlyCount "103"]
[EventDate "2015.09.27"]
[EventType "team-tourn"]
[EventRounds "11"]
[EventCountry "BEL"]
[SourceTitle "EXT 2017"]
[Source "ChessBase"]
[SourceDate "2016.10.25"]
[SourceVersion "1"]
[SourceVersionDate "2016.10.25"]
[SourceQuality "1"]
[WhiteTeam "Borgerhout"]
[BlackTeam "KGSRL"]
[WhiteTeamCountry "BEL"]
[BlackTeamCountry "BEL"]

1. e4 c5 2. Nf3 e6 3. d4 cxd4 4. Nxd4 a6 5. Bd3 Bc5 6. Nb3 Be7 7. 0-0 d6 8. Be3 Nf6 9. a4 0-0 10. N1d2 Nc6 11. c3 e5 12. a5 Be6 13. c4 Rc8 14. Qe2 Nd7 15. Rfd1 Bg5 16. Nf1 Bxe3 17. Nxe3 Nc5 18. Nxc5 dxc5 19. Qe1 Nd4 20. b4 Qg5 21. Kh1 Rc6 22. Rdb1 Bc8 23. bxc5 Rxc5 24. Rb6 Nc6 25. Bf1 Qd8 26. Nd5 Re8 27. Qe3 Nd4 28. Qa3 Rc6 29. Rab1 Kh8 30. Qg3 Rxb6 31. axb6 Qd6 32. Qc3 Qc5 33. Qb4 Ne6 34. Qb2 f6 35. Qd2 Rd8 36. Kg1 Rd6 37. Ra1 Qc6 38. Qb4 Rd8 39. Ra5 Bd7 40. f3 Bc8 41. Ne7 Qe8 42. Rd5 Nf4 43. Rxd8 Qxd8 44. Qc5 Be6 45. Nd5 Kg8 46. g3 Ng6 47. Nc7 Nf8 48. Nd5 Kf7 49. Qc7+ Qd7 50. c5 Ng6 51. c6 Qxc7 52. Nxc7 1-0

[Event "NED-chT 1516"]
[Site "Netherlands"]
[Date "2016.01.09"]
[Round "5.4"]
[White "Diepeveen, Vincent"]
[Black "Riemersma, Liafbern"]
[Result "1/2-1/2"]
[WhiteElo "2323"]
[BlackElo "2441"]
[PlyCount "115"]
[EventDate "2015.09.26"]
[EventType "team-tourn"]
[EventRounds "9"]
[EventCountry "NED"]
[SourceTitle "CBM 170 Extra"]
[Source "ChessBase"]
[SourceDate "2016.02.25"]
[SourceVersion "1"]
[SourceVersionDate "2016.02.25"]
[SourceQuality "1"]
[WhiteTeam "Utrecht"]
[BlackTeam "BSG"]
[WhiteTeamCountry "NED"]
[BlackTeamCountry "NED"]

1. e4 c6 2. d4 d5 3. e5 Bf5 4. Nf3 e6 5. Be2 c5 6. Be3 cxd4 7. Nxd4 Ne7 8. Nd2 Nbc6 9. N2f3 Be4 10. 0-0 a6 11. Ng5 Nxd4 12. Bxd4 Nc6 13. Nxe4 dxe4 14. Bc3 Bc5 15. Kh1 Bd4 16. f4 exf3 17. Bxf3 Bxc3 18. Bxc6+ bxc6 19. Qf3 0-0 20. Qxc3 Rb8 21. b3 Qc7 22. Rf4 Rb5 23. Rc4 Rc8 24. Rd1 Rd8 25. Rxd8+ Qxd8 26. h3 h6 27. Rxc6 Qg5 28. Rc8+ Kh7 29. Qd3+ g6 30. Qf3 Kg7 31. Rc7 Qf5 32. Qxf5 gxf5 33. Ra7 a5 34. a3 f4 35. Kg1 Kg6 36. Kf2 Rc5 37. c4 Kf5 38. Kf3 Kxe5 39. Rxf7 a4 40. Rb7 axb3 41. Rxb3 Rxc4 42. Rb5+ Kf6 43. Rh5 Kg6 44. Ra5 Kf6 45. Rh5 Kg6 46. Re5 Kf6 47. Re4 Rc3+ 48. Kxf4 Rxa3 49. Kg4 Ra5 50. Rf4+ Kg6 51. Rb4 Rg5+ 52. Kf3 Kf6 53. Rb2 Ra5 54. Kg4 Rg5+ 55. Kh4 Ra5 56. Rb8 Ra2 57. Rg8 Ra5 58. Rf8+ 1/2-1/2

[Event "BEL-chT 1516"]
[Site "Belgium"]
[Date "2015.11.08"]
[Round "3.5"]
[White "Miedema, David"]
[Black "Diepeveen, Vincent"]
[Result "0-1"]
[WhiteElo "2345"]
[BlackElo "2323"]
[PlyCount "74"]
[EventDate "2015.09.27"]
[EventType "team-tourn"]
[EventRounds "11"]
[EventCountry "BEL"]
[SourceTitle "EXT 2017"]
[Source "ChessBase"]
[SourceDate "2016.10.25"]
[SourceVersion "1"]
[SourceVersionDate "2016.10.25"]
[SourceQuality "1"]
[WhiteTeam "KSK Rochade"]
[BlackTeam "Borgerhout"]
[WhiteTeamCountry "BEL"]
[BlackTeamCountry "BEL"]

1. d4 d5 2. c4 c6 3. Nf3 Nf6 4. e3 g6 5. Nc3 Bg7 6. Be2 0-0 7. 0-0 e6 8. Qc2 Nbd7 9. b3 Re8 10. Ba3 dxc4 11. bxc4 e5 12. Bd6 exd4 13. Nxd4 Ne5 14. c5 Bf8 15. Bxf8 Kxf8 16. Rad1 Qe7 17. Nb3 Be6 18. Rd6 Ned7 19. Rfd1 Bxb3 20. Qxb3 Nxc5 21. Qc4 Ne6 22. e4 Red8 23. e5 Ne8 24. Ne4 Nf4 25. Bg4 Nxd6 26. exd6 Qe5 27. g3 Nd5 28. f4 Qb2 29. Rxd5 cxd5 30. Qxd5 Re8 31. Nd2 Qb6+ 32. Kg2 Qc6 33. Qxc6 bxc6 34. Bf3 Rab8 35. Nc4 c5 36. Bd5 Rb4 37. Ne5 Rd4 0-1

[Event "BEL-chT 1415"]
[Site "Belgium"]
[Date "2015.03.22"]
[Round "11.4"]
[White "Saiboulatov, Danial"]
[Black "Diepeveen, Vincent"]
[Result "1-0"]
[WhiteElo "2371"]
[BlackElo "2305"]
[PlyCount "71"]
[EventDate "2014.09.28"]
[EventType "team-swiss"]
[EventRounds "11"]
[EventCountry "BEL"]
[SourceTitle "EXT 2016"]
[Source "ChessBase"]
[SourceDate "2015.10.08"]
[SourceVersion "1"]
[SourceVersionDate "2015.10.08"]
[SourceQuality "1"]
[WhiteTeam "Charleroi CREC"]
[BlackTeam "Borgerhout"]
[WhiteTeamCountry "BEL"]
[BlackTeamCountry "BEL"]

1. e4 c6 2. c4 d5 3. cxd5 cxd5 4. exd5 Nf6 5. Qa4+ Nbd7 6. Nc3 a6 7. d4 g6 8. g3 Bg7 9. Bg2 0-0 10. Nge2 b5 11. Qb3 Nb6 12. 0-0 Bb7 13. Nf4 Rb8 14. Re1 Qd6 15. a4 bxa4 16. Qa2 g5 17. Nd3 Nfxd5 18. Ne4 Qg6 19. Bxg5 Bxd4 20. Rad1 Kh8 21. Bf4 Nxf4 22. Nxf4 Qg7 23. Re2 e5 24. Red2 Rfd8 25. Nc5 exf4 26. Nxb7 Rd7 27. Qa3 Nc4 28. Qxa4 Bxf2+ 29. Rxf2 Rxd1+ 30. Qxd1 fxg3 31. hxg3 Ne3 32. Qd6 Rc8 33. Nd8 Rc1+ 34. Bf1 Rd1 35. Nxf7+ Qxf7 36. Qe5+ 1-0

[Event "NED-chT 1415"]
[Site "Netherlands"]
[Date "2014.12.13"]
[Round "4.5"]
[White "Willemze, Thomas"]
[Black "Diepeveen, Vincent"]
[Result "1-0"]
[WhiteElo "2416"]
[BlackElo "2305"]
[PlyCount "79"]
[EventDate "2014.09.27"]
[EventType "team-tourn"]
[EventRounds "9"]
[EventCountry "NED"]
[SourceTitle "EXT 2016"]
[Source "ChessBase"]
[SourceDate "2015.10.08"]
[SourceVersion "1"]
[SourceVersionDate "2015.10.08"]
[SourceQuality "1"]
[WhiteTeam "BSG"]
[BlackTeam "Utrecht"]
[WhiteTeamCountry "NED"]
[BlackTeamCountry "NED"]

1. e4 c6 2. d4 d5 3. Nd2 dxe4 4. Nxe4 Bf5 5. Ng3 Bg6 6. Nh3 Nf6 7. Bc4 Nbd7 8. 0-0 Nb6 9. Bb3 Qd7 10. a4 Nbd5 11. a5 e6 12. c4 Nb4 13. Nf4 0-0-0 14. a6 Nxa6 15. Be3 Kb8 16. Qf3 c5 17. Rxa6 cxd4 18. Nxg6 dxe3 19. Nxf8 Rhxf8 20. Qf4+ Ka8 21. Ra3 exf2+ 22. Qxf2 a6 23. Bd1 Qd4 24. Qxd4 Rxd4 25. Bf3 Ka7 26. Rb3 b6 27. Ra1 Rxc4 28. Be2 Rc6 29. Bxa6 Kb8 30. Bb5 Rc5 31. Be2 Kc7 32. Ra7+ Kc6 33. Bf3+ Nd5 34. Ne2 Ra5 35. Rxa5 bxa5 36. Nc3 Rd8 37. Rb5 a4 38. Ra5 Rb8 39. Rxa4 Rxb2 40. Ra7 1-0

[Event "BEL-chT 1415"]
[Site "Belgium"]
[Date "2014.11.30"]
[Round "5.6"]
[White "Diepeveen, Vincent"]
[Black "Barbier, Sigiswald"]
[Result "1-0"]
[WhiteElo "2305"]
[BlackElo "2090"]
[PlyCount "63"]
[EventDate "2014.09.28"]
[EventType "team-swiss"]
[EventRounds "11"]
[EventCountry "BEL"]
[SourceTitle "EXT 2016"]
[Source "ChessBase"]
[SourceDate "2015.10.08"]
[SourceVersion "1"]
[SourceVersionDate "2015.10.08"]
[SourceQuality "1"]
[WhiteTeam "Borgerhout"]
[BlackTeam "Temse"]
[WhiteTeamCountry "BEL"]
[BlackTeamCountry "BEL"]

1. e4 c5 2. Nf3 g6 3. d4 cxd4 4. Qxd4 Nf6 5. e5 Nc6 6. Qa4 Nd5 7. Qe4 Nc7 8. h4 h6 9. Bf4 b5 10. a4 b4 11. Bd3 Ne6 12. Be3 Bb7 13. Qxg6 Qc7 14. Qf5 Rg8 15. Rg1 Bg7 16. Be4 Rb8 17. Nbd2 Ba6 18. Bd3 Bxd3 19. cxd3 Nxe5 20. d4 Nc4 21. Nxc4 Qxc4 22. Rc1 Qb3 23. d5 Nd8 24. Rc7 Qxa4 25. Rxa7 Qb5 26. Bd4 Ne6 27. Ne5 Rf8 28. dxe6 dxe6 29. Qe4 f5 30. Qc6+ Qxc6 31. Nxc6 Bxd4 32. Rxe7# 1-0

[Event "NED-chT 1415"]
[Site "Netherlands"]
[Date "2014.11.22"]
[Round "3.1"]
[White "Diepeveen, Vincent"]
[Black "Werle, Jan"]
[Result "1-0"]
[WhiteElo "2305"]
[BlackElo "2523"]
[PlyCount "149"]
[EventDate "2014.09.27"]
[EventType "team-tourn"]
[EventRounds "9"]
[EventCountry "NED"]
[SourceTitle "EXT 2016"]
[Source "ChessBase"]
[SourceDate "2015.10.08"]
[SourceVersion "1"]
[SourceVersionDate "2015.10.08"]
[SourceQuality "1"]
[WhiteTeam "Utrecht"]
[BlackTeam "Groningen"]
[WhiteTeamCountry "NED"]
[BlackTeamCountry "NED"]

1. e4 c5 2. Nf3 e6 3. d4 cxd4 4. Nxd4 Nc6 5. Nb5 d6 6. c4 a6 7. N5a3 Nf6 8. Nc3 b6 9. Be3 Be7 10. f3 0-0 11. Be2 Bb7 12. 0-0 Re8 13. Qe1 d5 14. cxd5 exd5 15. Rd1 Nb4 16. Qf2 Qb8 17. Bxb6 dxe4 18. fxe4 Kh8 19. Nc4 Bxe4 20. Nxe4 Nxe4 21. Qxf7 Nd6 22. Rxd6 Bxd6 23. Bd4 Bxh2+ 24. Kh1 Rg8 25. Bf3 Qd8 26. Bf2 Rf8 27. Qh5 Qd3 28. Be2 Rf5 29. Qg4 Rf4 30. Bxd3 Rxg4 31. Be2 Re4 32. Bf3 Rxc4 33. Bxa8 Be5 34. Bd4 Bd6 35. Rd1 Rc8 36. Bb7 Rb8 37. Be4 Be7 38. a3 Rd8 39. Rd2 Bf6 40. Bc3 Re8 41. Bf3 Na2 42. Bxf6 gxf6 43. Rd6 a5 44. Rxf6 Rb8 45. Ra6 Rxb2 46. Rxa5 Nc3 47. Ra7 Ra2 48. Kh2 Nb5 49. Ra8+ Kg7 50. a4 Nd4 51. Bd5 Ra3 52. a5 Kf6 53. a6 Ke5 54. a7 Kxd5 55. Rd8+ Ke5 56. a8Q Rxa8 57. Rxa8 Kf6 58. Kg3 Kg5 59. Ra5+ Kg6 60. Kg4 Kg7 61. Ra6 Ne2 62. Kg5 Ng3 63. Ra7+ Kg8 64. Rb7 Ne4+ 65. Kf4 Nc5 66. Ra7 Ne6+ 67. Ke5 Ng7 68. Kf6 Nh5+ 69. Kg5 Ng3 70. Re7 Kh8 71. Re3 Nf1 72. Rd3 Nh2 73. Kh4 Kg7 74. Kh3 Nf1 75. g3 1-0

[Event "BEL-chT 1314"]
[Site "Belgium"]
[Date "2014.01.26"]
[Round "8.5"]
[White "Diepeveen, Vincent"]
[Black "Sadikhov, Ulvi Ramil Oglu"]
[Result "1/2-1/2"]
[WhiteElo "2276"]
[BlackElo "2241"]
[PlyCount "86"]
[EventDate "2013.09.22"]
[EventType "team-tourn"]
[EventRounds "11"]
[EventCountry "BEL"]
[SourceTitle "EXT 2015"]
[Source "ChessBase"]
[SourceDate "2014.11.20"]
[SourceVersion "1"]
[SourceVersionDate "2014.11.20"]
[SourceQuality "1"]
[WhiteTeam "Borgerhout"]
[BlackTeam "KGSRL"]
[WhiteTeamCountry "BEL"]
[BlackTeamCountry "BEL"]

1. e4 c5 2. Nf3 d6 3. d4 cxd4 4. Nxd4 Nf6 5. Nc3 a6 6. Be2 e6 7. 0-0 Be7 8. f4 Qc7 9. Kh1 0-0 10. Bf3 Nc6 11. Be3 Bd7 12. g4 Nxd4 13. Bxd4 Bc6 14. g5 Nd7 15. Bg2 e5 16. Be3 exf4 17. Bxf4 Ne5 18. Nd5 Bxd5 19. exd5 Rac8 20. c3 Qd8 21. Qh5 Rc4 22. Rae1 Nd3 23. Be4 g6 24. Qe2 Rxe4 25. Qxe4 Nxe1 26. h4 Nc2 27. Qxc2 f6 28. gxf6 Rxf6 29. Kg2 Rf7 30. h5 Qf8 31. Qe2 Rxf4 32. Rxf4 Qxf4 33. Qxe7 Qd2+ 34. Kh3 Qxd5 35. h6 Qf3+ 36. Kh2 Qf4+ 37. Kg2 Qd2+ 38. Kg3 Qd3+ 39. Kg2 Qd5+ 40. Kh3 Qf5+ 41. Kg2 Qg4+ 42. Kh2 Qh5+ 43. Kg2 Qd5+ 1/2-1/2

[Event "BEL-chT 1314"]
[Site "Belgium"]
[Date "2013.11.17"]
[Round "4.4"]
[White "Diepeveen, Vincent"]
[Black "Leenhouts, Koen"]
[Result "1-0"]
[WhiteElo "2276"]
[BlackElo "2375"]
[PlyCount "77"]
[EventDate "2013.09.22"]
[EventType "team-tourn"]
[EventRounds "11"]
[EventCountry "BEL"]
[SourceTitle "EXT 2015"]
[Source "ChessBase"]
[SourceDate "2014.11.20"]
[SourceVersion "1"]
[SourceVersionDate "2014.11.20"]
[SourceQuality "1"]
[WhiteTeam "Borgerhout"]
[BlackTeam "KBSK Brugge"]
[WhiteTeamCountry "BEL"]
[BlackTeamCountry "BEL"]

1. e4 d6 2. d4 Nf6 3. Nc3 e5 4. dxe5 dxe5 5. Qxd8+ Kxd8 6. Bc4 Ke8 7. Nge2 c6 8. Bg5 Nbd7 9. a4 Bc5 10. f3 Nf8 11. Nd1 Be6 12. Bxe6 Nxe6 13. Bd2 Rd8 14. Ne3 Nh5 15. Nc4 Nhf4 16. Nxf4 exf4 17. 0-0-0 f6 18. Rhe1 Kf7 19. Bc3 b5 20. Na5 bxa4 21. Nxc6 Rc8 22. Nxa7 Rb8 23. Rd7+ Kg6 24. Nc6 Rb6 25. Ne7+ Bxe7 26. Rxe7 Rc8 27. Ra7 Rc4 28. Rd1 h6 29. Rdd7 Kh5 30. Rd5+ g5 31. Rda5 Nc5 32. Rxc5 Rxc5 33. Bd4 Rbb5 34. Bxc5 Rxc5 35. Rxa4 g4 36. b4 gxf3 37. gxf3 Rc3 38. b5 Rxf3 39. b6 1-0

[Event "BEL-chT 1314"]
[Site "Belgium"]
[Date "2013.10.13"]
[Round "3.5"]
[White "Diepeveen, Vincent"]
[Black "Rihouay, Clement"]
[Result "1-0"]
[WhiteElo "2276"]
[BlackElo "2198"]
[PlyCount "89"]
[EventDate "2013.09.22"]
[EventType "team-tourn"]
[EventRounds "11"]
[EventCountry "BEL"]
[SourceTitle "CBM 156 Extra"]
[Source "ChessBase"]
[SourceDate "2013.10.22"]
[SourceVersion "1"]
[SourceVersionDate "2013.10.22"]
[SourceQuality "1"]
[WhiteTeam "Borgerhout"]
[BlackTeam "Anderlecht"]
[WhiteTeamCountry "BEL"]
[BlackTeamCountry "BEL"]

1. e4 c5 2. Nf3 d6 3. d4 cxd4 4. Nxd4 Nf6 5. Nc3 Nc6 6. Bg5 e6 7. Qd2 a6 8. 0-0-0 h6 9. Bf4 Ne5 10. Nf5 exf5 11. Bxe5 Be7 12. Bxd6 Qxd6 13. Qxd6 Bxd6 14. Rxd6 Nxe4 15. Nxe4 fxe4 16. Bc4 Ke7 17. Rb6 Rd8 18. Rd1 f6 19. Re1 Rd4 20. Bd3 f5 21. f3 Rd6 22. Rxd6 Kxd6 23. fxe4 f4 24. e5+ Ke7 25. Bg6 Be6 26. Be4 Rb8 27. Rd1 b6 28. Rd6 g5 29. b3 a5 30. c4 g4 31. Bd5 Bxd5 32. cxd5 Rf8 33. Re6+ Kd7 34. Rf6 Rc8+ 35. Kd2 Rc5 36. Rf7+ Ke8 37. Rxf4 Rxd5+ 38. Ke3 Rxe5+ 39. Re4 Re7 40. Rxe7+ Kxe7 41. Kf4 h5 42. Kg5 Ke6 43. Kxh5 Kf5 44. a4 Kf4 45. Kh4 1-0

[Event "NED-chT 1213"]
[Site "Netherlands"]
[Date "2013.04.06"]
[Round "8.9"]
[White "Diepeveen, Vincent"]
[Black "Konings, Frans"]
[Result "1-0"]
[WhiteElo "2264"]
[BlackElo "2283"]
[PlyCount "70"]
[EventDate "2012.09.15"]
[EventType "team-tourn"]
[EventRounds "9"]
[EventCountry "NED"]
[SourceTitle "EXT 2014"]
[Source "ChessBase"]
[SourceDate "2013.11.20"]
[SourceVersion "1"]
[SourceVersionDate "2013.11.20"]
[SourceQuality "1"]
[WhiteTeam "Utrecht"]
[BlackTeam "De Stukkenjagers"]
[WhiteTeamCountry "NED"]
[BlackTeamCountry "NED"]

1. e4 c5 2. Nf3 Nc6 3. d4 cxd4 4. Nxd4 Nf6 5. Nc3 e5 6. Ndb5 d6 7. Bg5 a6 8. Na3 b5 9. Bxf6 gxf6 10. Nd5 f5 11. exf5 Bxf5 12. c3 Bg7 13. Nc2 0-0 14. Nce3 Be6 15. g3 f5 16. Bg2 f4 17. gxf4 exf4 18. Nxf4 Rxf4 19. Bxc6 Qh4 20. 0-0 Raf8 21. Qxd6 Bh3 22. Bg2 Rd8 23. Qc7 Rc8 24. Qb7 Be6 25. Bd5 Re8 26. Bxe6+ Rxe6 27. Qc8+ Kf7 28. Qd7+ Re7 29. Qd5+ Kf8 30. Ng2 Rg4 31. Rae1 Bf6 32. Rxe7 Bxe7 33. Re1 Qf6 34. Re5 Kg7 35. Qe6 Bd6 1-0